000 00413nam a2200181Ia 4500
001 1840
005 20260306143758.0
008 260306t2009||||xx |||||||||||||| ||spa||
041 _aESP
082 _a155.7
_bC87
100 _aCraig, Grace J.
_eAUT
245 0 _aDesarrollo psicológico
260 _c2009
300 _a696 páginas :
_c27 cm.
650 _aGEN
654 _aCPS
942 _cLIB
_dJUS
_fJUS
_2ddc
_n
999 _c1840
_d1840